| 000 | 00487nam a2200145 a 4500 | ||
|---|---|---|---|
| 001 | 000038269 | ||
| 005 | 20201002031219.0 | ||
| 008 | 130405s1987 dr r 000 0 spa d | ||
| 040 |
_aDO-SdBNP _bspa _cBNPHU |
||
| 082 |
_axxxx _axxxx |
||
| 245 | 0 | 0 |
_aResoluciones escogidas de la junta monetaria / _cBanco Central de la República Dominicana. |
| 260 |
_aSanto Domingo : _bBanco Central de la República Dominicana , _c1987. |
||
| 300 |
_a150 p. : ; _c21 cm. |
||
| 590 | _aInventariado, 2019/BT | ||
| 999 |
_c37759 _d37759 |
||